Alle Elemente mit R - Statistiken

Allgemein
  • Dieses Quiz wurde 79 mal gespielt
  • Das Durchschnittsergebnis liegt bei 5 aus 8
Antwortstatistiken
Hint Antwort % Korrekt
2 Radon
97%
1 Radium
83%
8 Rutherfordium
73%
3 Rhenium
52%
4 Rhodium
52%
6 Rubidium
50%
7 Ruthenium
47%
5 Roentgenium
35%
Keine übereinstimmenden Quizze gefunden
Verteilung der Resultate
Anzahl Personen mit jedem Resultat
Perzentil nach korrekt beantworteten Fragen
Ihre Resultats-Entwicklung
Sie haben dieses Quiz noch nicht gespielt